000 01034nam a22002657a 4500
005 20170124102950.0
010 _aA-989992
020 _c195.00
035 _aA-989992
037 _bCen Lib/Ret
040 _aDPL
_bHN
082 _a821
_bफ़िराक
100 _aफ़िराक गोरखपूरी
_951297
245 _aनजीर की बानी /
_cफ़िराक गोरखपूरी
246 _aNazeer ki baani
_bby Firak Gorakhpuri
260 _aनई दिल्ली
_bवाणी प्रकाशन
_c1999
270 _a21ए - दरिया गंज
_bनई दिल्ली
_e110002
300 _a225पृष्ठ.
_c21सेमी (सजिल्द)
650 _aहिंदी साहित्य
_951298
650 _aउर्दू शायरी -नज़ीर
_943622
650 _aHindi literature
_951299
650 _aUrdu poetry -Nazir
_951300
700 _950544
942 _2ddc
_cHN
_h821
_mफ़िराक
999 _c113244
_d113244